LEADER 01209nam0 22002771i 450 001 UON00280368 005 20231205103834.667 100 $a20060908d1996 |0itac50 ba 101 $aita 102 $aIT 105 $a|||| 1|||| 200 1 $aˆUn ‰"Catechismo" druso della Biblioteca Reale di Torino$fPaolo Branca 210 $aMilano$cCentro Studi Camito-Semitici$d1996 215 $aVI, 121 p.$d23 cm 410 1$1001UON00067035$12001 $aStudi camito-semitici$fCollana diretta da Francesco Aspesi e Vermondo Brugnatelli$v3 606 $aDRUSI$3UONC021216$2FI 620 $aIT$dMilano$3UONL000005 686 $aARA VII D$cPAESI ARABI - FILOSOFIA E RELIGIONE - SETTE ISLAMICHE (Sciiti, Ismailiti ...)$2A 700 1$aBRANCA$bPaolo$3UONV046263$0144960 712 $aCentro Studi Camitico-Semitici$3UONV249402$4650 801 $aIT$bSOL$c20240220$gRICA 899 $aSIBA - SISTEMA BIBLIOTECARIO DI ATENEO$2UONSI 912 $aUON00280368 950 $aSIBA - SISTEMA BIBLIOTECARIO DI ATENEO$dSI ARA VII D 064 N $eSI SA 117634 7 064 N 996 $a"Catechismo" druso della Biblioteca Reale di Torino$91247144 997 $aUNIOR LEADER 01708nam0 22003973i 450 001 VAN0279274 005 20240705094755.153 017 70$2N$a9789819908035 100 $a20240705d2023 |0itac50 ba 101 $aeng 102 $aSG 105 $a|||| ||||| 200 1 $aResearch Papers in Statistical Inference for Time Series and Related Models$eEssays in Honor of Masanobu Taniguchi$fYan Liu, Junichi Hirukawa, Yoshihide Kakizawa editors 210 $aSingapore$cSpringer$d2023 215 $axxxvii, 570 p.$cill.$d24 cm 610 $aAsymptotic Theory$9KW:K 610 $aEstimation Theory$9KW:K 610 $aNon-Gaussian Processes$9KW:K 610 $aNon-stationary Processes$9KW:K 610 $aOptimal Portfolio Estimation$9KW:K 610 $aStatistical Hypothesis Testing$9KW:K 610 $aStatistical inference$9KW:K 610 $aTime Series Analysis$9KW:K 620 $aSG$dSingapore$3VANL000061 702 1$aHirukawa$bJunichi$3VANV231837 702 1$aKakizawa$bYoshihide$3VANV231838 702 1$aLiu$bYan$3VANV096587 712 $aSpringer $3VANV108073$4650 801 $aIT$bSOL$c20240719$gRICA 856 4 $uhttps://doi.org/10.1007/978-981-99-0803-5$zE-book ? Accesso al full-text attraverso riconoscimento IP di Ateneo, proxy e/o Shibboleth 899 $aBIBLIOTECA DEL DIPARTIMENTO DI MATEMATICA E FISICA$1IT-CE0120$2VAN08 912 $fN 912 $aVAN0279274 950 $aBIBLIOTECA DEL DIPARTIMENTO DI MATEMATICA E FISICA$d08CONS e-Book 9349 $e08eMF9349 20240715 996 $aResearch Papers in Statistical Inference for Time Series and Related Models$94176148 997 $aUNICAMPANIA